Ekonomika stran Nagriba
Saved in:
| Main Author: | |
|---|---|
| Format: | Book |
| Language: | Russian |
| Published: |
Moskva
Nauka
1982
|
| Tags: |
No Tags, Be the first to tag this record!
|
MARC
| LEADER | 00000nam a2200000 4500 | ||
|---|---|---|---|
| 001 | c106974 | ||
| 005 | 20041019155138.8 | ||
| 041 | 0 | |a rus | |
| 044 | |a RU | ||
| 245 | 1 | 0 | |a Ekonomika stran Nagriba |c Marija Fedorovna Vidjasova |
| 264 | 1 | |a Moskva |b Nauka |c 1982 | |
| 300 | |a 190 s. | ||
| 100 | 1 | |a Vidjasova, Marija Fedorovna | |